Statistics for Countries of Africa by Population with Map (2021 Version)

Click here to take the quiz!

General Stats

  • This quiz has been taken 1,147 times
  • The average score is 32 of 54

Answers on the Map

Answers color-coded by a green-red scale on the quiz's map according to % correct below.
 

Answer Stats

2021 PopulationCountry% Correct
211,400,708Nigeria
100%
104,258,327Egypt
97%
117,876,227Ethiopia
97%
92,377,993D. R. Congo
96%
60,041,994South Africa
92%
61,498,437Tanzania
92%
54,985,698Kenya
90%
44,616,624Algeria
85%
44,909,353Sudan
85%
37,344,795Morocco
83%
47,123,531Uganda
83%
33,933,610Angola
81%
32,163,047Mozambique
77%
31,732,129Ghana
73%
28,427,328Madagascar
69%
27,224,265Cameroon
68%
27,053,629Ivory Coast
65%
25,130,817Niger
64%
20,855,735Mali
61%
16,359,504Somalia
58%
16,914,985Chad
56%
18,920,651Zambia
56%
21,497,096Burkina Faso
55%
19,647,684Malawi
54%
17,196,301Senegal
54%
98,908Seychelles
53%
15,092,171Zimbabwe
53%
223,368São Tomé and
Príncipe
52%
561,898Cape Verde
51%
888,451Comoros
51%
13,497,244Guinea
50%
6,958,532Libya
50%
13,276,513Rwanda
49%
11,935,766Tunisia
49%
1,273,433Mauritius
48%
1,172,362Eswatini
47%
12,451,040Benin
46%
12,255,433Burundi
46%
11,381,378South Sudan
46%
4,919,981Central African
Republic
45%
2,159,079Lesotho
45%
5,657,013Rep. of the Congo
45%
8,478,250Togo
45%
1,002,187Djibouti
44%
3,601,467Eritrea
42%
2,486,945Gambia
42%
5,180,203Liberia
42%
4,775,119Mauritania
42%
2,587,344Namibia
42%
2,397,241Botswana
41%
1,449,896Equatorial Guinea
41%
8,141,343Sierra Leone
41%
2,278,825Gabon
40%
2,015,494Guinea-Bissau
40%

Score Distribution

Percentile by Number Answered

Percent of People with Each Score

Your Score History

You have not taken this quiz